[Event "Baltija Cup 16th"]
[Site "Palanga"]
[Date "2019.06.18"]
[Round "3"]
[White "Astakhov, Dmitrii"]
[Black "Kiseleva, Simona"]
[Result "0-1"]
[WhiteElo "1676"]
[BlackElo "2201"]
[PlyCount "36"]
[EventDate "2019.06.17"]
[EventType "swiss"]
[EventRounds "7"]
[EventCountry "LTU"]
[SourceTitle "CBM 191 Extra"]
[Source "ChessBase"]
[SourceDate "2019.09.30"]
[SourceVersion "1"]
[SourceVersionDate "2019.09.30"]
[SourceQuality "1"]

1. d4 Nf6 2. c4 e6 3. Nc3 Bb4 4. e3 c5 5. Nge2 cxd4 6. exd4 d5 7. a3 Be7 8. g3 dxc4 9. Bg2 0-0 10. 0-0 Nc6 11. d5 exd5 12. Nxd5 Nxd5 13. Bxd5 Bg4 14. Bxc4 Ne5 15. Qc2 Qc8 16. Qe4 Qxc4 17. Qxe5 Bf6 18. Qf4 Qxe2 0-1

[Event "Baltija Cup 16th"]
[Site "Palanga"]
[Date "2019.06.17"]
[Round "1"]
[White "Astakhov, Dmitrii"]
[Black "Aleksandrovskiy, Dmitriy"]
[Result "0-1"]
[WhiteElo "1676"]
[BlackElo "2289"]
[PlyCount "92"]
[EventDate "2019.06.17"]
[EventType "swiss"]
[EventRounds "7"]
[EventCountry "LTU"]
[SourceTitle "CBM 191 Extra"]
[Source "ChessBase"]
[SourceDate "2019.09.30"]
[SourceVersion "1"]
[SourceVersionDate "2019.09.30"]
[SourceQuality "1"]

1. d4 Nf6 2. c4 c5 3. dxc5 Na6 4. Nf3 Nxc5 5. e3 g6 6. Be2 Bg7 7. 0-0 0-0 8. Nc3 d6 9. Bd2 Nfe4 10. Nd4 Nxc3 11. Bxc3 Ne4 12. Rc1 Qb6 13. Qc2 Nxc3 14. Qxc3 Bd7 15. Qd2 Rac8 16. b3 a5 17. Bf3 Rc7 18. Rb1 Qb4 19. Rfd1 Rfc8 20. Nc2 Qxd2 21. Rxd2 b5 22. Na3 bxc4 23. Nxc4 Rb8 24. Na3 a4 25. g4 Bf6 26. Rc2 Rxc2 27. Nxc2 Be6 28. h3 Bc4 29. Ne1 Kg7 30. Bd1 Bd5 31. Bc2 a3 32. Kf1 Rc8 33. e4 Be6 34. Ke2 Bc3 35. Bd3 Bb2 36. Nc2 d5 37. f3 dxe4 38. fxe4 h5 39. gxh5 gxh5 40. h4 Kh6 41. Nb4 Bg4+ 42. Kf2 Bd4+ 43. Kg3 Rc3 44. Kh2 Bc5 45. Na6 Bd6+ 46. Kg2 Rxd3 0-1

[Event "St Petersburg Korchnoi Memorial op"]
[Site "St Petersburg"]
[Date "2018.08.23"]
[Round "9"]
[White "Chesnokova, Anna"]
[Black "Astakhov, Dmitrii"]
[Result "1/2-1/2"]
[WhiteElo "1444"]
[BlackElo "1641"]
[PlyCount "72"]
[EventDate "2018.08.15"]
[EventType "swiss"]
[EventRounds "9"]
[EventCountry "RUS"]
[SourceTitle "CBM 186 Extra"]
[Source "ChessBase"]
[SourceDate "2018.08.24"]
[SourceVersion "1"]
[SourceVersionDate "2018.08.24"]
[SourceQuality "1"]

1. e4 d5 2. exd5 Qxd5 3. Nc3 Qa5 4. Nf3 Nf6 5. g3 Nc6 6. Bg2 Bg4 7. 0-0 Qh5 8. d4 0-0-0 9. h3 Bxh3 10. Bxh3+ Qxh3 11. Ng5 Qf5 12. Nxf7 Rxd4 13. Qe2 Rg8 14. Be3 Rd7 15. Rad1 e5 16. Rxd7 Qxd7 17. Ng5 Bd6 18. Nb5 h6 19. Nf3 e4 20. Nfd4 Nxd4 21. Nxa7+ Kb8 22. Bxd4 c5 23. Bxf6 gxf6 24. Nb5 Bxg3 25. fxg3 Qh3 26. Rf2 e3 27. Rh2 Rxg3+ 28. Rg2 f5 29. Rxg3 Qxg3+ 30. Qg2 Qe1+ 31. Kh2 Qh4+ 32. Kg1 Qe1+ 33. Kh2 Qh4+ 34. Kg1 Qe1+ 35. Kh2 Qh4+ 36. Kg1 Qe1+ 1/2-1/2

[Event "St Petersburg Korchnoi Memorial op"]
[Site "St Petersburg"]
[Date "2018.08.17"]
[Round "3"]
[White "Arbynova, Agniya"]
[Black "Astakhov, Dmitrii"]
[Result "1/2-1/2"]
[WhiteElo "1827"]
[BlackElo "1641"]
[PlyCount "81"]
[EventDate "2018.08.15"]
[EventType "swiss"]
[EventRounds "9"]
[EventCountry "RUS"]
[SourceTitle "CBM 186 Extra"]
[Source "ChessBase"]
[SourceDate "2018.08.24"]
[SourceVersion "1"]
[SourceVersionDate "2018.08.24"]
[SourceQuality "1"]

1. d4 d5 2. Bf4 Nf6 3. e3 c5 4. c3 Nc6 5. Nf3 Qb6 6. Qb3 c4 7. Qc2 Bf5 8. Qc1 e6 9. h3 h6 10. Nbd2 Na5 11. Be2 Bd6 12. Ne5 Qc7 13. Bd1 0-0 14. 0-0 Ne4 15. Nxe4 Bxe4 16. Bc2 Bxc2 17. Qxc2 Nc6 18. Nxc6 Bxf4 19. exf4 Qxc6 20. f5 Rfe8 21. Rfe1 Qd7 22. fxe6 Rxe6 23. Rxe6 Qxe6 24. Qa4 a6 25. Qb4 b5 26. a4 Rb8 27. axb5 Rxb5 28. Qa3 Rb3 29. Qxa6 Qxa6 30. Rxa6 Rxb2 31. Ra8+ Kh7 32. Rd8 Rc2 33. Rxd5 Rxc3 34. Rc5 Rc1+ 35. Kh2 c3 36. d5 c2 37. d6 Rd1 38. Rxc2 Rxd6 39. Rc7 f6 40. Ra7 Rd2 41. f3 1/2-1/2

[Event "St Petersburg Korchnoi Memorial op"]
[Site "St Petersburg"]
[Date "2018.08.16"]
[Round "2"]
[White "Astakhov, Dmitrii"]
[Black "Kolchin, Maxim"]
[Result "0-1"]
[WhiteElo "1641"]
[BlackElo "2000"]
[PlyCount "64"]
[EventDate "2018.08.15"]
[EventType "swiss"]
[EventRounds "9"]
[EventCountry "RUS"]
[SourceTitle "CBM 186 Extra"]
[Source "ChessBase"]
[SourceDate "2018.08.24"]
[SourceVersion "1"]
[SourceVersionDate "2018.08.24"]
[SourceQuality "1"]

1. d4 e6 2. c4 f5 3. Nc3 Nf6 4. Bg5 Bb4 5. a3 Bxc3+ 6. bxc3 h6 7. Bxf6 Qxf6 8. e3 b6 9. Nf3 Bb7 10. Be2 d6 11. 0-0 Nd7 12. Nd2 e5 13. f4 e4 14. a4 a5 15. Qb3 0-0-0 16. Qb5 Rdg8 17. c5 dxc5 18. Nc4 g5 19. Ne5 Rg7 20. Rad1 gxf4 21. Nxd7 Qg6 22. Nxb6+ cxb6 23. Bg4 Qxg4 24. Rd2 fxe3 25. Re2 Rhg8 26. dxc5 Qh3 27. Qb2 Ba6 28. Qa2 Rxg2+ 29. Rxg2 Rxg2+ 30. Qxg2 Qxg2+ 31. Kxg2 Bxf1+ 32. Kxf1 bxc5 0-1

[Event "St Petersburg Korchnoi Memorial op"]
[Site "St Petersburg"]
[Date "2018.08.15"]
[Round "1"]
[White "Ufimtsev, Egor"]
[Black "Astakhov, Dmitrii"]
[Result "1-0"]
[WhiteElo "2145"]
[BlackElo "1641"]
[PlyCount "57"]
[EventDate "2018.08.15"]
[EventType "swiss"]
[EventRounds "9"]
[EventCountry "RUS"]
[SourceTitle "CBM 186 Extra"]
[Source "ChessBase"]
[SourceDate "2018.08.24"]
[SourceVersion "1"]
[SourceVersionDate "2018.08.24"]
[SourceQuality "1"]

1. Nf3 d5 2. g3 Nf6 3. Bg2 c6 4. 0-0 Bg4 5. b3 Bxf3 6. Bxf3 e5 7. Bb2 Nbd7 8. c4 Bc5 9. cxd5 cxd5 10. d4 Bd6 11. dxe5 Bxe5 12. Nc3 Ne4 13. Nxe4 dxe4 14. Bxe5 Nxe5 15. Bxe4 Qe7 16. Qd5 Nc6 17. Qc4 Rc8 18. Qa4 0-0 19. Bxc6 bxc6 20. e3 Rfd8 21. Rfd1 c5 22. Rac1 Rxd1+ 23. Rxd1 Rc7 24. Qe4 h6 25. Qxe7 Rxe7 26. Rd8+ Kh7 27. Rc8 Re5 28. Rc7 a5 29. Rxf7 1-0

[Event "Chigorin Memorial 25th"]
[Site "St Petersburg"]
[Date "2017.10.29"]
[Round "9"]
[White "Astakhov, Dmitrii"]
[Black "Fedorov, Ivan"]
[Result "0-1"]
[WhiteElo "1490"]
[BlackElo "1745"]
[PlyCount "82"]
[EventDate "2017.10.21"]
[EventType "swiss"]
[EventRounds "9"]
[EventCountry "RUS"]
[SourceTitle "CBM 181 Extra"]
[Source "ChessBase"]
[SourceDate "2017.12.12"]
[SourceVersion "1"]
[SourceVersionDate "2017.12.12"]
[SourceQuality "1"]

1. d4 d6 2. Nf3 Bf5 3. c4 Nf6 4. Nc3 e6 5. Qb3 Be7 6. Qxb7 Nbd7 7. Qb3 c5 8. d5 exd5 9. cxd5 0-0 10. e3 Ng4 11. e4 Bg6 12. Be2 f5 13. exf5 Rxf5 14. Bd3 c4 15. Qxc4 Nge5 16. Qd4 Rxf3 17. Bxg6 hxg6 18. 0-0 Rf5 19. f4 Ng4 20. h3 Bf6 21. Qd3 Qb6+ 22. Kh1 Nf2+ 23. Rxf2 Qxf2 24. Be3 Qxb2 25. Rc1 Nc5 26. Qc4 Re8 27. Nd1 Qb7 28. Bxc5 dxc5 29. d6+ Qf7 30. d7 Re1+ 31. Kh2 Qxc4 32. Rxc4 Rxd1 33. g4 Rxf4 34. Rxc5 Rxd7 35. g5 Rd2+ 36. Kg3 Bd4 37. Rc8+ Rf8 38. Rc6 Rd3+ 39. Kg4 Be5 40. Rxg6 Rf4+ 41. Kh5 Rxh3# 0-1

[Event "Chigorin Memorial 25th"]
[Site "St Petersburg"]
[Date "2017.10.24"]
[Round "4"]
[White "Astakhov, Dmitrii"]
[Black "Efimenko, Aleksandr"]
[Result "1-0"]
[WhiteElo "1490"]
[BlackElo "1865"]
[PlyCount "61"]
[EventDate "2017.10.21"]
[EventType "swiss"]
[EventRounds "9"]
[EventCountry "RUS"]
[SourceTitle "CBM 181 Extra"]
[Source "ChessBase"]
[SourceDate "2017.12.12"]
[SourceVersion "1"]
[SourceVersionDate "2017.12.12"]
[SourceQuality "1"]

1. d4 d5 2. c4 e6 3. Nc3 c6 4. cxd5 exd5 5. Nf3 Bf5 6. Bf4 Nd7 7. e3 Qb6 8. Qb3 Qxb3 9. axb3 Bc2 10. Nd2 Ngf6 11. Be2 Bb4 12. 0-0 0-0 13. Rfc1 Bg6 14. h3 Rfe8 15. g4 h6 16. h4 a6 17. g5 hxg5 18. hxg5 Nh7 19. Kg2 Ndf8 20. Bg4 Ne6 21. Bxe6 Rxe6 22. Rh1 Be7 23. Nf3 Bc2 24. Rh2 Bxb3 25. Rah1 Bc2 26. e4 f5 27. Rxh7 Rf8 28. Ne5 Rxe5 29. Bxe5 Kf7 30. Rxg7+ Ke8 31. Rhh7 1-0

[Event "Chigorin Memorial 25th"]
[Site "St Petersburg"]
[Date "2017.10.21"]
[Round "1"]
[White "Nandhidhaa, PV."]
[Black "Astakhov, Dmitrii"]
[Result "1-0"]
[WhiteElo "2190"]
[BlackElo "1490"]
[PlyCount "45"]
[EventDate "2017.10.21"]
[EventType "swiss"]
[EventRounds "9"]
[EventCountry "RUS"]
[SourceTitle "CBM 181 Extra"]
[Source "ChessBase"]
[SourceDate "2017.12.12"]
[SourceVersion "1"]
[SourceVersionDate "2017.12.12"]
[SourceQuality "1"]

1. e4 c6 2. d4 d5 3. Nd2 dxe4 4. Nxe4 Nd7 5. Nf3 Ngf6 6. Ng3 e6 7. Bd3 Be7 8. 0-0 0-0 9. Re1 Qc7 10. c3 b6 11. Nf5 Bd8 12. Nxg7 Kxg7 13. Qd2 Kh8 14. Ng5 Ng4 15. g3 Bxg5 16. Qxg5 Rg8 17. Qh4 Ngf6 18. Bg5 Rxg5 19. Qxg5 Bb7 20. c4 c5 21. d5 Rg8 22. Qh6 exd5 23. Re7 1-0

[Event "World School-ch U13"]
[Site "Sochi"]
[Date "2016.12.10"]
[Round "8"]
[White "Prischenko, Andrey"]
[Black "Astakhov, Dmitrii"]
[Result "0-1"]
[WhiteElo "1348"]
[BlackElo "1485"]
[PlyCount "61"]
[EventDate "2016.12.03"]
[EventType "swiss"]
[EventRounds "9"]
[EventCountry "RUS"]
[SourceTitle "EXT 2018"]
[Source "ChessBase"]
[SourceDate "2017.10.13"]
[SourceVersion "1"]
[SourceVersionDate "2017.10.13"]
[SourceQuality "1"]

1. e4 d5 2. exd5 Qxd5 3. Nc3 Qa5 4. d4 Nf6 5. Nf3 Nc6 6. Bd2 Bg4 7. Nb5 Qb6 8. c3 0-0-0 9. Bc4 a6 10. Na3 e5 11. Be2 Bxa3 12. bxa3 exd4 13. Nxd4 Bxe2 14. Nxe2 Ne4 15. Nd4 Nxd4 16. cxd4 Qxd4 17. Qg4+ Kb8 18. 0-0 Nxd2 19. Qxd4 Rxd4 20. Rfd1 Rhd8 21. Kh1 Ne4 22. Rxd4 Rxd4 23. f3 Nf2+ 24. Kg1 Rd1+ 25. Rxd1 Nxd1 26. Kf1 Nc3 27. Kf2 Nxa2 28. Ke3 Nc3 29. Kd4 Nb5+ 30. Ke4 Nxa3 31. f4 0-1

[Event "World School-ch U13"]
[Site "Sochi"]
[Date "2016.12.04"]
[Round "2"]
[White "Astakhov, Dmitrii"]
[Black "Wang, Zideng"]
[Result "1/2-1/2"]
[WhiteElo "1485"]
[BlackElo "1735"]
[PlyCount "94"]
[EventDate "2016.12.03"]
[EventType "swiss"]
[EventRounds "9"]
[EventCountry "RUS"]
[SourceTitle "EXT 2018"]
[Source "ChessBase"]
[SourceDate "2017.10.13"]
[SourceVersion "1"]
[SourceVersionDate "2017.10.13"]
[SourceQuality "1"]

1. d4 Nf6 2. c4 e6 3. g3 d5 4. Nf3 b6 5. Bg2 Bb7 6. 0-0 Be7 7. Qc2 0-0 8. Rd1 c6 9. Nbd2 Nbd7 10. e4 dxe4 11. Nxe4 Nxe4 12. Qxe4 Nf6 13. Qe2 h6 14. Ne5 Rc8 15. Bf4 Bd6 16. Rac1 Qe7 17. Rc2 Rfd8 18. c5 Bxe5 19. Bxe5 Ne8 20. b4 b5 21. Rcd2 a5 22. a3 axb4 23. axb4 Ra8 24. Ra2 Rxa2 25. Qxa2 Ra8 26. Qb2 Qd8 27. Ra1 Kf8 28. Kf1 f6 29. Bf4 g5 30. Be3 Kf7 31. Ra3 Ng7 32. Qa2 Rxa3 33. Qxa3 Nf5 34. Qa7 Qa8 35. Qxa8 Bxa8 36. Ke2 Bb7 37. Kd3 Ne7 38. f4 Bc8 39. Bh1 Bd7 40. Bg2 Kg7 41. Bh3 Kg6 42. Bg2 Be8 43. Be4+ Kg7 44. fxg5 hxg5 45. g4 Bg6 46. Bxg6 Nxg6 47. Ke4 Nf8 1/2-1/2

[Event "Chigorin Memorial 24th"]
[Site "St Petersburg"]
[Date "2016.10.23"]
[Round "9"]
[White "Astakhov, Dmitrii"]
[Black "Tikholiz, Sergei"]
[Result "1-0"]
[WhiteElo "1456"]
[BlackElo "1522"]
[PlyCount "103"]
[EventDate "2016.10.15"]
[EventType "swiss"]
[EventRounds "9"]
[EventCountry "RUS"]
[SourceTitle "CBM 175 Extra"]
[Source "ChessBase"]
[SourceDate "2016.12.12"]
[SourceVersion "1"]
[SourceVersionDate "2016.12.12"]
[SourceQuality "1"]

1. d4 Nf6 2. c4 c5 3. dxc5 e6 4. Nc3 Bxc5 5. Nf3 0-0 6. e3 Nc6 7. a3 a5 8. Be2 Ne7 9. 0-0 d5 10. Bd2 Bd7 11. cxd5 Nexd5 12. Nxd5 Nxd5 13. Rc1 Qe7 14. Ne5 b6 15. Bf3 Qd6 16. Bc3 Bb5 17. Bxd5 Bxf1 18. Bxa8 Rxa8 19. Qxd6 Bxd6 20. Kxf1 Rc8 21. Nf3 b5 22. Bd2 Rxc1+ 23. Bxc1 Kf8 24. Bd2 a4 25. Nd4 Bc5 26. f4 Bxd4 27. exd4 f5 28. Ke2 Ke7 29. Kd3 Kd6 30. Kc3 Kd5 31. Kd3 Kc6 32. g4 Kd5 33. gxf5 exf5 34. Bc3 g6 35. Bb4 Kc6 36. Bf8 Kd5 37. Bg7 Ke6 38. Be5 Kd5 39. Kc3 h6 40. h4 h5 41. Kb4 Ke4 42. Kxb5 Kd5 43. Kxa4 g5 44. fxg5 f4 45. Bxf4 Ke4 46. g6 Kd5 47. g7 Ke4 48. g8Q Kd3 49. Qg6+ Kc4 50. Qxh5 Kd3 51. Qf5+ Kc4 52. Qb5+ 1-0

[Event "Chigorin Memorial 24th"]
[Site "St Petersburg"]
[Date "2016.10.19"]
[Round "5"]
[White "Astakhov, Dmitrii"]
[Black "Smirnov, Dmitrii"]
[Result "0-1"]
[WhiteElo "1456"]
[BlackElo "1849"]
[PlyCount "94"]
[EventDate "2016.10.15"]
[EventType "swiss"]
[EventRounds "9"]
[EventCountry "RUS"]
[SourceTitle "CBM 175 Extra"]
[Source "ChessBase"]
[SourceDate "2016.12.12"]
[SourceVersion "1"]
[SourceVersionDate "2016.12.12"]
[SourceQuality "1"]

1. d4 d5 2. c4 e6 3. Nc3 Nf6 4. cxd5 exd5 5. Bg5 Nbd7 6. e3 c6 7. Bd3 Be7 8. Qc2 0-0 9. Nge2 Re8 10. 0-0-0 Nf8 11. h3 Ne4 12. Bxe7 Qxe7 13. Bxe4 dxe4 14. g4 f5 15. gxf5 Bxf5 16. Rdg1 Rac8 17. h4 h6 18. Rg3 Bh7 19. Rhg1 Rc7 20. h5 Ne6 21. Qb3 Kh8 22. Kb1 Qf7 23. R1g2 Qxh5 24. Rg4 Qf7 25. Nxe4 Ng5 26. Qxf7 Rxf7 27. Kc1 Bxe4 28. Rg1 Rxf2 29. Nc3 Bf5 30. R4g2 Rxg2 31. Rxg2 Rxe3 32. Kd2 Rd3+ 33. Ke2 Rxd4 34. Ke3 Rd8 35. Rf2 Re8+ 36. Kd4 Bg6 37. Kc4 b6 38. Rd2 Ne4 39. Nxe4 Bxe4 40. Rd7 Bd5+ 41. Kc3 h5 42. Rxa7 h4 43. Ra4 g5 44. Rg4 Rg8 45. a3 h3 46. b4 h2 47. b5 h1Q 0-1

[Event "Chigorin Memorial 24th"]
[Site "St Petersburg"]
[Date "2016.10.18"]
[Round "4"]
[White "Kievelitz, Bernd"]
[Black "Astakhov, Dmitrii"]
[Result "1/2-1/2"]
[WhiteElo "1897"]
[BlackElo "1456"]
[PlyCount "51"]
[EventDate "2016.10.15"]
[EventType "swiss"]
[EventRounds "9"]
[EventCountry "RUS"]
[SourceTitle "CBM 175 Extra"]
[Source "ChessBase"]
[SourceDate "2016.12.12"]
[SourceVersion "1"]
[SourceVersionDate "2016.12.12"]
[SourceQuality "1"]

1. Nf3 d5 2. d4 c6 3. c4 Nf6 4. Qb3 a6 5. g3 dxc4 6. Qxc4 b5 7. Qc2 Bb7 8. Bg2 Nbd7 9. 0-0 e6 10. Bg5 Qb6 11. a4 c5 12. axb5 axb5 13. Rxa8+ Bxa8 14. dxc5 Bxc5 15. b4 Bxb4 16. Qc8+ Qd8 17. Qxd8+ Kxd8 18. Nd4 Bxg2 19. Kxg2 Bc5 20. Nxb5 Ke7 21. N1c3 h6 22. Bxf6+ Nxf6 23. Rc1 Rd8 24. Na4 Bd6 25. Nxd6 Rxd6 26. Rc7+ 1/2-1/2

[Event "Chigorin Memorial 24th"]
[Site "St Petersburg"]
[Date "2016.10.16"]
[Round "2"]
[White "Kopasov, Evgeny Aleksandrovi"]
[Black "Astakhov, Dmitrii"]
[Result "1/2-1/2"]
[WhiteElo "1993"]
[BlackElo "1456"]
[PlyCount "108"]
[EventDate "2016.10.15"]
[EventType "swiss"]
[EventRounds "9"]
[EventCountry "RUS"]
[SourceTitle "CBM 175 Extra"]
[Source "ChessBase"]
[SourceDate "2016.12.12"]
[SourceVersion "1"]
[SourceVersionDate "2016.12.12"]
[SourceQuality "1"]

1. d4 d5 2. c4 c6 3. Nf3 Nf6 4. Nc3 a6 5. cxd5 cxd5 6. Bf4 Nc6 7. e3 Bg4 8. h3 Bh5 9. Bd3 e6 10. 0-0 Bd6 11. Bxd6 Qxd6 12. Be2 0-0 13. Nh4 Bxe2 14. Qxe2 b5 15. Rfc1 Rfc8 16. Nf3 Rc7 17. Nd2 Rac8 18. Nb3 e5 19. dxe5 Nxe5 20. a3 Ne4 21. Na2 Rxc1+ 22. Rxc1 Rxc1+ 23. Naxc1 Nc4 24. Nd3 a5 25. Nd4 Nc5 26. Nxb5 Qb6 27. Nxc5 Qxb5 28. Nd3 Kf8 29. Qc2 Ke7 30. Qc3 f6 31. b4 axb4 32. Qxb4+ Qxb4 33. axb4 Kd6 34. Kf1 d4 35. Ke2 dxe3 36. fxe3 Kd5 37. Kf3 Nd2+ 38. Kf4 Kc4 39. Nc5 Kxb4 40. Ne6 g5+ 41. Kf5 Nf1 42. Kxf6 g4 43. hxg4 Nxe3 44. g5 Nxg2 45. Nf8 Nh4 46. Nxh7 Kc5 47. Nf8 Kd4 48. Nd7 Ke4 49. Ne5 Ke3 50. Nc4+ Ke4 51. Nd6+ Kf4 52. Nf7 Ke4 53. Nh8 Ke3 54. Ke5 Nf3+ 1/2-1/2